| 000 | 00808 a2200253 4500 | ||
|---|---|---|---|
| 003 | OSt | ||
| 005 | 20260129100536.0 | ||
| 008 | 120207t xxu||||| |||| 00| 0 eng d | ||
| 010 | _a 95001476 | ||
| 020 | _a0442009046 | ||
| 040 | _c0 | ||
| 082 | 0 | 0 | _a720.3 |
| 100 | 1 |
_aChing, Frank, _926090 |
|
| 245 | 1 | 2 |
_aA visual dictionary of architecture / _cFrancis D.K. Ching. |
| 246 | 3 | 0 | _aArchitecture |
| 260 |
_aNew York : _bVan Nostrand Reinhold, _cc1995. |
||
| 300 |
_a319 p. : _bill. ; _c31 cm. |
||
| 500 | _aIncludes index. | ||
| 650 | 0 |
_aArchitecture _xDictionaries. _931737 |
|
| 650 | 0 |
_aPicture dictionaries, English. _931738 |
|
| 942 |
_aSADA _cREF _k720.3 CHI 1995 _2ddc |
||
| 999 |
_c352142 _d352142 |
||